[Event "Belgrade Radnichki Schev 07"]
[White "Stanimirovic, Aleksandar"]
[Black "Ashvath, Mittal"]
[Site "Belgrade"]
[Round "5"]
[Result "1-0"]
[Date "2024.07.15"]
[WhiteElo "2145"]
[BlackElo "2075"]
[PlyCount "69"]
[EventDate "2024.07.13"]
[EventType "schev"]
[EventRounds "8"]
[EventCountry "SRB"]
[SourceTitle "CBM 221 Extra"]
[Source "ChessBase"]
[SourceDate "2024.09.30"]
[SourceVersion "1"]
[SourceVersionDate "2024.09.30"]
[SourceQuality "1"]
[WhiteTeam "Team A"]
[BlackTeam "Team B"]
[WhiteTeamCountry "SRB"]
[BlackTeamCountry "SRB"]

1. d4 Nf6 2. Nf3 d5 3. e3 c5 4. h3 Nc6 5. c3 Bf5 6. Nbd2 h6 7. a3 e6 8. Be2 Bd6 9. 0-0 g5 10. dxc5 Bxc5 11. b4 Bd6 12. c4 0-0 13. Bb2 Ne4 14. cxd5 exd5 15. Nxe4 Bxe4 16. b5 Ne7 17. Nh2 f6 18. Ng4 Kg7 19. Rc1 h5 20. Nxf6 Rxf6 21. Bxh5 Nf5 22. f3 Nxe3 23. Qd4 Nxf1 24. fxe4 Bh2+ 25. Kh1 Ng3+ 26. Kxh2 Nxh5 27. g4 dxe4 28. gxh5 Qxd4 29. Bxd4 Raf8 30. Rf1 e3 31. Kg2 e2 32. Re1 Re8 33. h6+ Kg6 34. h7 Rf1 35. Rxe2 1-0

[Event "Belgrade Premier League"]
[White "Govedarica, Radovan"]
[Black "Stanimirovic, Aleksandar"]
[Site "Belgrade"]
[Round "1.3"]
[Result "1-0"]
[Date "2021.10.01"]
[WhiteElo "2285"]
[BlackElo "2204"]
[PlyCount "99"]
[EventDate "2021.10.01"]
[EventType "team-tourn"]
[EventRounds "11"]
[EventCountry "SRB"]
[SourceTitle "CBM 204 Extra"]
[Source "ChessBase"]
[SourceDate "2021.11.30"]
[SourceVersion "1"]
[SourceVersionDate "2021.11.30"]
[SourceQuality "1"]
[WhiteTeam "Belgrade Crvena Zvezda"]
[BlackTeam "Belgrade Radnicki"]
[WhiteTeamCountry "SRB"]
[BlackTeamCountry "SRB"]

1. d4 d6 2. e4 Nf6 3. Nc3 g6 4. f4 Bg7 5. Nf3 0-0 6. e5 dxe5 7. dxe5 Qxd1+ 8. Kxd1 Ng4 9. Ke1 Nc6 10. h3 Nh6 11. g4 Nb4 12. Rh2 b6 13. a3 Bb7 14. axb4 Bxf3 15. Bc4 Rfd8 16. Rd2 Rxd2 17. Bxd2 Bg2 18. Bd5 Bxd5 19. Nxd5 a6 20. Nxe7+ Kf8 21. Nd5 Ra7 22. b5 a5 23. b4 a4 24. Ra3 Ng8 25. Nc3 Ne7 26. Rxa4 Rxa4 27. Nxa4 g5 28. fxg5 Bxe5 29. Ke2 Ng6 30. c4 Ke7 31. Kf3 Ke6 32. Ke4 Ne7 33. Bc3 Bg3 34. Bd4 Be1 35. c5 Nc8 36. Nc3 Bg3 37. Nd5 Na7 38. Nxc7+ Bxc7 39. cxb6 Nxb5 40. bxc7 Nxc7 41. Be5 Nb5 42. h4 Na7 43. Bf4 Nb5 44. Bh2 Kd7 45. Ke5 Nc3 46. Kf6 Nd5+ 47. Kxf7 Nxb4 48. Kg7 Nd5 49. Kxh7 Ne3 50. g6 1-0

[Event "Belgrade-chT"]
[White "Biocanin, Goran"]
[Black "Stanimirovic, Aleksandar"]
[Site "Belgrade"]
[Round "10.3"]
[Result "1-0"]
[Date "2019.10.03"]
[WhiteElo "2241"]
[BlackElo "2240"]
[PlyCount "21"]
[EventDate "2019.09.23"]
[EventType "team-tourn"]
[EventRounds "11"]
[EventCountry "SRB"]
[SourceTitle "EXT 2020"]
[Source "ChessBase"]
[SourceDate "2019.10.17"]
[SourceVersion "1"]
[SourceVersionDate "2019.10.17"]
[SourceQuality "1"]
[WhiteTeam "Belgrade"]
[BlackTeam "MZ Cirilo i Metodije"]
[WhiteTeamCountry "SRB"]
[BlackTeamCountry "SRB"]

1. c4 d6 2. Nc3 g6 3. g3 Bg7 4. Bg2 Nc6 5. e3 e5 6. Nge2 h5 7. h3 Nh6 8. e4 Be6 9. d3 Qd7 10. Nd5 0-0 11. Bxh6 1-0

[Event "Belgrade Zimski op"]
[White "Karadarevic, Slobodan"]
[Black "Stanimirovic, Aleksandar"]
[Site "Belgrade"]
[Round "5"]
[Result "1-0"]
[Date "2005.01.27"]
[WhiteElo "1897"]
[BlackElo "2240"]
[PlyCount "85"]
[EventDate "2005.01.22"]
[EventType "swiss"]
[EventRounds "9"]
[EventCountry "YUG"]
[SourceTitle "CBM 104 Extra"]
[Source "ChessBase"]
[SourceDate "2005.03.01"]
[SourceVersion "1"]
[SourceVersionDate "2005.03.01"]
[SourceQuality "1"]

1. e4 c5 2. Nf3 Nc6 3. c3 d5 4. exd5 Qxd5 5. Na3 Nf6 6. Nc2 g6 7. d4 cxd4 8. Ncxd4 Nxd4 9. Qxd4 Qxd4 10. Nxd4 Bg7 11. Nb5 Kd8 12. Bf4 Ne8 13. 0-0-0+ Bd7 14. Bc4 a6 15. Na3 e6 16. Rd2 Ke7 17. Rhd1 Bc6 18. Bf1 e5 19. Be3 b5 20. Bc5+ Ke6 21. Rd6+ Nxd6 22. Rxd6+ Kf5 23. Rxc6 Rhc8 24. Rxc8 Rxc8 25. b4 e4 26. Kc2 Ke6 27. c4 bxc4 28. Bxc4+ Kf5 29. Bxa6 Rc7 30. Nb5 Rc6 31. Bc8+ Kg5 32. Nd6 f5 33. Kb3 Bf8 34. Bb7 Rc7 35. Ba8 Rd7 36. Nc4 Bg7 37. b5 Rd3+ 38. Ka4 Rc3 39. Bd5 f4 40. b6 Rc2 41. a3 Be5 42. Nxe5 Rxc5 43. b7 1-0

[Event "Belgrade Zimski op"]
[White "Mitrovic, Ratko"]
[Black "Stanimirovic, Aleksandar"]
[Site "Belgrade"]
[Round "2"]
[Result "1-0"]
[Date "2005.01.23"]
[WhiteElo "1995"]
[BlackElo "2240"]
[PlyCount "73"]
[EventDate "2005.01.22"]
[EventType "swiss"]
[EventRounds "9"]
[EventCountry "YUG"]
[SourceTitle "CBM 104 Extra"]
[Source "ChessBase"]
[SourceDate "2005.03.01"]
[SourceVersion "1"]
[SourceVersionDate "2005.03.01"]
[SourceQuality "1"]

1. e4 c5 2. Nf3 d6 3. d4 cxd4 4. Nxd4 a6 5. c4 Nf6 6. Nc3 g6 7. Be2 Bg7 8. Be3 Nc6 9. g4 Qc7 10. Rg1 h5 11. g5 Nd7 12. Qd2 Nde5 13. Nd5 Qd8 14. f4 Ng4 15. Nxc6 bxc6 16. Bb6 Qd7 17. Nc7+ Kf8 18. Nxa8 Qb7 19. Bf3 Qxa8 20. h3 Qb7 21. c5 f5 22. 0-0-0 Kg8 23. exf5 gxf5 24. Be2 d5 25. hxg4 fxg4 26. Qd3 e6 27. Rdf1 Qf7 28. Bd8 Qf8 29. Bb6 Qe7 30. Rh1 e5 31. fxe5 Qxg5+ 32. Kb1 Qxe5 33. Qc2 g3 34. Bd3 h4 35. Ba5 Qb8 36. Bc3 d4 37. Bc4+ 1-0

[Event "YUG-chT"]
[White "Jovicevic, Bozidar"]
[Black "Stanimirovic, Aleksandar"]
[Site "Igalo"]
[Round "8"]
[Result "1/2-1/2"]
[Date "1994.??.??"]
[WhiteElo "2300"]
[BlackElo "2230"]
[PlyCount "49"]
[EventDate "1994.??.??"]
[EventType "team-tourn"]
[EventRounds "9"]
[EventCountry "YUG"]
[SourceTitle "EXT 1999"]
[Source "ChessBase"]
[SourceDate "1998.11.16"]
[SourceVersion "1"]
[SourceVersionDate "1998.11.16"]
[SourceQuality "1"]

1. e4 c5 2. Nf3 e6 3. d4 cxd4 4. Nxd4 a6 5. c4 Nf6 6. Nc3 Bb4 7. e5 Ne4 8. Qg4 Nxc3 9. a3 Bf8 10. bxc3 Qa5 11. Qg3 d6 12. exd6 Bxd6 13. Qxd6 Qxc3+ 14. Bd2 Qxa1+ 15. Ke2 Qb2 16. Ke3 Nc6 17. Nxc6 Qb6+ 18. Qd4 Qxc6 19. Qxg7 Qc5+ 20. Ke2 Qxc4+ 21. Ke1 Qe4+ 22. Be2 Qb1+ 23. Bd1 Qe4+ 24. Be2 Qb1+ 25. Bd1 1/2-1/2

[Event "YUG-chT"]
[White "Stanimirovic, Aleksandar"]
[Black "Miladinovic, Igor"]
[Site "Igalo"]
[Round "9"]
[Result "1/2-1/2"]
[Date "1994.??.??"]
[WhiteElo "2230"]
[BlackElo "2480"]
[PlyCount "88"]
[EventDate "1994.??.??"]
[EventType "team-tourn"]
[EventRounds "9"]
[EventCountry "YUG"]
[SourceTitle "EXT 1999"]
[Source "ChessBase"]
[SourceDate "1998.11.16"]
[SourceVersion "1"]
[SourceVersionDate "1998.11.16"]
[SourceQuality "1"]

1. d4 d5 2. c4 Nc6 3. Nc3 e6 4. Nf3 Bb4 5. Bf4 dxc4 6. e3 Nf6 7. Bxc4 Nd5 8. Bxd5 exd5 9. Rc1 Bg4 10. 0-0 0-0 11. h3 Bh5 12. Na4 Bd6 13. Bxd6 Qxd6 14. Nc5 Rab8 15. Qa4 Bxf3 16. gxf3 b6 17. Ne4 Qg6+ 18. Ng3 Na5 19. Qc2 c6 20. Qxg6 fxg6 21. f4 Rf6 22. Kg2 Re8 23. h4 Nc4 24. b3 Nd2 25. Rfd1 Ne4 26. Nxe4 Rxe4 27. Rc2 Kf7 28. Rdc1 Ree6 29. b4 Ke7 30. Rc3 Kd8 31. b5 Kc7 32. a4 Kb7 33. Kg3 a6 34. Rb3 Rf7 35. Rcb1 cxb5 36. axb5 a5 37. Rh1 Rc7 38. h5 h6 39. hxg6 Rxg6+ 40. Kf3 Rf6 41. Rh5 g5 42. Kg4 gxf4 43. Rxd5 Rg7+ 44. Kh5 fxe3 1/2-1/2

[Event "YUG-chT"]
[White "Stanimirovic, Aleksandar"]
[Black "Sparic, Nebojsa"]
[Site "Igalo"]
[Round "3"]
[Result "0-1"]
[Date "1994.??.??"]
[WhiteElo "2230"]
[BlackElo "2280"]
[PlyCount "115"]
[EventDate "1994.??.??"]
[EventType "team-tourn"]
[EventRounds "9"]
[EventCountry "YUG"]
[SourceTitle "EXT 2000"]
[Source "ChessBase"]
[SourceDate "1999.11.16"]
[SourceVersion "1"]
[SourceVersionDate "1999.11.16"]
[SourceQuality "1"]

1. d4 d6 2. c4 e5 3. Nf3 Nd7 4. Nc3 Ngf6 5. g3 Be7 6. Bg2 0-0 7. 0-0 Re8 8. e4 c6 9. h3 Qc7 10. Be3 Nf8 11. d5 Ng6 12. Nd2 Bf8 13. Qe2 c5 14. b4 cxb4 15. Nb5 Qb8 16. Bxa7 Rxa7 17. Nxa7 Qxa7 18. Rfb1 h5 19. Rxb4 h4 20. Kh2 Nd7 21. a4 Qd4 22. Nb3 Qc3 23. Rb5 Nc5 24. Rc1 Qd3 25. Qxd3 Nxd3 26. Rc2 Bd7 27. Ra5 Nb4 28. Rb2 Na6 29. Nd2 Nc5 30. Rb4 Be7 31. Ra7 Bc8 32. a5 Nf8 33. Ra8 Nfd7 34. Kg1 Kf8 35. Nb1 Na6 36. Rb2 Ndc5 37. Nc3 Bd7 38. Rxe8+ Kxe8 39. Nb5 Kd8 40. Kf1 Bc8 41. Ke2 Kd7 42. f4 Bd8 43. Bf3 Ke7 44. fxe5 dxe5 45. gxh4 Bxh3 46. h5 Bxa5 47. Kd1 Bf1 48. Na7 Bxc4 49. Nc8+ Kf8 50. Rf2 Nd3 51. Rh2 Nf4 52. d6 Be6 53. Na7 Nc5 54. h6 gxh6 55. Rxh6 Ncd3 56. Kc2 Ne1+ 57. Kb2 Nxf3 58. Nb5 0-1

[Event "YUG-chT"]
[White "Stanimirovic, Aleksandar"]
[Black "Kovacevic, Aleksandar"]
[Site "Cetinje"]
[Round "?"]
[Result "0-1"]
[Date "1993.??.??"]
[WhiteElo "2320"]
[BlackElo "2405"]
[PlyCount "104"]
[EventDate "1993.??.??"]
[EventType "team-tourn"]
[EventRounds "11"]
[EventCountry "YUG"]
[SourceTitle "EXT 2002"]
[Source "ChessBase"]
[SourceDate "2001.11.25"]
[SourceVersion "1"]
[SourceVersionDate "2001.11.25"]
[SourceQuality "1"]

1. d4 Nf6 2. c4 c5 3. d5 d6 4. Nc3 g6 5. Nf3 Bg7 6. g3 e6 7. Bg2 exd5 8. cxd5 0-0 9. 0-0 a6 10. a4 Nbd7 11. Nd2 Ne8 12. Nc4 Ne5 13. Nxe5 Bxe5 14. f4 Bg7 15. Re1 Nc7 16. e4 Re8 17. e5 dxe5 18. d6 Ne6 19. Nd5 exf4 20. gxf4 Bd7 21. Ne7+ Rxe7 22. dxe7 Qxe7 23. Bxb7 Rb8 24. Bg2 Bd4+ 25. Be3 Bxe3+ 26. Rxe3 Rxb2 27. Rb1 Bxa4 28. Qc1 Rxg2+ 29. Kxg2 Nxf4+ 30. Kf1 Qd6 31. Rf3 g5 32. Qe3 Bc6 33. Rf2 Bb5+ 34. Kg1 Qd3 35. Qxd3 Bxd3 36. Rb8+ Kg7 37. Rf3 c4 38. Rc8 Kf6 39. h4 h6 40. Rc6+ Ke5 41. Rxh6 g4 42. Re3+ Kd4 43. Re7 f5 44. Kf2 Nd5 45. Rd7 f4 46. Rhd6 g3+ 47. Kg2 Be4+ 48. Kh3 c3 49. Rc7 c2 50. h5 Ke5 51. Rxd5+ Kxd5 52. h6 a5 0-1

[Event "Nis op"]
[White "Stanimirovic, Aleksandar"]
[Black "Veljkovic, Milic"]
[Site "Nis"]
[Round "?"]
[Result "0-1"]
[Date "1993.??.??"]
[WhiteElo "2320"]
[BlackElo "2280"]
[PlyCount "158"]
[EventDate "1993.12.??"]
[EventType "swiss"]
[EventRounds "9"]
[EventCountry "YUG"]
[SourceTitle "EXT 1997"]
[Source "ChessBase"]
[SourceDate "1996.11.15"]
[SourceVersion "1"]
[SourceVersionDate "1996.11.15"]
[SourceQuality "1"]

1. d4 Nf6 2. c4 d5 3. cxd5 Nxd5 4. e4 Nb6 5. Nc3 e6 6. Be3 c6 7. f4 Be7 8. Nf3 N8d7 9. Bd3 Nf6 10. h3 Nbd7 11. 0-0 h6 12. Qe2 Nh5 13. Qf2 Nhf6 14. e5 Nd5 15. Nxd5 cxd5 16. f5 Nb6 17. f6 gxf6 18. exf6 Bd6 19. Ne5 Bd7 20. Nxf7 Kxf7 21. Qh4 h5 22. Bg6+ Kf8 23. Qg5 Qc7 24. Bf7 Bh2+ 25. Kh1 Qg3 26. Qg7+ Qxg7 27. fxg7+ Kxg7 28. Kxh2 Raf8 29. Bf4 Kxf7 30. Bd6+ Ke8 31. Bxf8 Rxf8 32. Rxf8+ Kxf8 33. Kg3 Ke7 34. Kh4 Be8 35. g4 hxg4 36. Kxg4 Nc4 37. h4 Bg6 38. Kg5 Bf5 39. Rc1 Nd6 40. Rc7+ Kd8 41. Rg7 Ne4+ 42. Kf4 Nd6 43. h5 Ke8 44. Ke5 Nc4+ 45. Kf6 Nb6 46. Rg8+ Kd7 47. h6 Kd6 48. Rg5 Be4 49. Kg7 Nd7 50. Rg4 Bb1 51. Rg1 Be4 52. Re1 Bf5 53. Rf1 Be4 54. Rf7 e5 55. dxe5+ Nxe5 56. Rf6+ Kc5 57. b4+ Kd4 58. Rf4 Ng6 59. h7 Nxf4 60. h8Q Ke3 61. Kf6 d4 62. Qb8 Nd5+ 63. Ke5 Nxb4 64. Qd6 Nc2 65. Qc5 Bc6 66. Qxa7 Ke2 67. a4 d3 68. a5 d2 69. a6 d1Q 70. axb7 Qd5+ 71. Kf4 Bxb7 72. Qa4 Qd2+ 73. Ke5 Qd5+ 74. Kf6 Ne3 75. Qb4 Qf5+ 76. Kg7 Bd5 77. Kh8 Kf3 78. Qh4 Qf8+ 79. Kh7 Qg8+ 0-1

[Event "YUG-chT"]
[White "Benderac, Srdjan"]
[Black "Stanimirovic, Aleksandar"]
[Site "Cetinje"]
[Round "?"]
[Result "0-1"]
[Date "1992.??.??"]
[WhiteElo "2235"]
[BlackElo "2355"]
[PlyCount "72"]
[EventDate "1992.??.??"]
[EventType "team"]
[EventRounds "11"]
[EventCountry "YUG"]
[SourceTitle "EXT 1997"]
[Source "ChessBase"]
[SourceDate "1996.11.15"]
[SourceVersion "1"]
[SourceVersionDate "1996.11.15"]
[SourceQuality "1"]

1. e4 c5 2. c3 e6 3. d4 d5 4. exd5 exd5 5. Be3 Qb6 6. Qc2 Nc6 7. Nf3 Nf6 8. Nbd2 Ng4 9. Bd3 cxd4 10. Bxd4 Nxd4 11. Nxd4 Bc5 12. 0-0 0-0 13. N2f3 Nf6 14. h3 Re8 15. Rae1 Bd7 16. Qc1 Ne4 17. Re2 Qg6 18. Qf4 Bd6 19. Qh4 f5 20. Bb5 Rad8 21. Bxd7 Rxd7 22. Rfe1 Rde7 23. Nd2 Qf7 24. Nxe4 dxe4 25. Qg5 g6 26. Rd1 Bb8 27. Nb3 Re6 28. Nc5 Qc7 29. g3 Qxc5 30. Rd7 R6e7 31. Red2 e3 32. Rxe7 Qxe7 33. Qxe7 Rxe7 34. fxe3 Bxg3 35. Kg2 Bc7 36. Kf3 Kf7 0-1